| Tag |
First Indicator |
Second Indicator |
Subfields |
| LEADER |
00000cas a2200000 4500 |
| 001 |
in00000059227 |
| 005 |
20151008051543.0 |
| 008 |
750726c18749999iluwr1p 0uuua1eng |
| 010 |
|
|
|a 14016557
|
| 012 |
|
|
|k 1
|l 1
|m 1
|
| 022 |
0 |
|
|a 0002-8452
|
| 035 |
|
|
|a (OCoLC)01479864
|
| 035 |
|
|
|9 AAG8626AM
|
| 040 |
|
|
|a MUL
|c MUL
|d COO
|d NSD
|d TXA
|d UtOrBLW
|
| 042 |
|
|
|a nsdp
|
| 049 |
|
|
|a TXAE
|
| 050 |
|
0 |
|a SK1
|b .A5
|
| 222 |
|
0 |
|a American field
|
| 245 |
0 |
4 |
|a The American field. :
|b The sportsman's journal.
|
| 246 |
0 |
0 |
|a Sportsman's journal
|
| 247 |
0 |
0 |
|a Field and stream
|f Feb. 21, 1874-Mar. 20, 1875
|
| 247 |
0 |
0 |
|a Field,
|b devoted to field and aquatic sports
|f Mar. 27, 1875-
|
| 247 |
0 |
0 |
|a Chicago field
|f -May 10, 1879
|
| 247 |
0 |
0 |
|a Chicago field;
|b the American sportsman's journal
|f May 17, 1879-June 1881
|
| 247 |
0 |
0 |
|a American field
|f July 1881
|
| 264 |
|
1 |
|a Chicago :
|b Field and stream association [etc.],
|c 1874-81;
|a New York,
|a Chicago :
|b American field publishing co.,
|c 1881-19.
|
| 300 |
|
|
|a volumes :
|b illustrations, color plates. ;
|c 32-42 cm.
|
| 310 |
|
|
|a Weekly,
|b Aug. 22, 1874-
|
| 321 |
|
|
|a Biweekly,
|b Feb. 21, 1874-Aug. 8, 1874
|
| 336 |
|
|
|a text
|b txt
|2 rdacontent
|
| 337 |
|
|
|a unmediated
|b n
|2 rdamedia
|
| 338 |
|
|
|a volume
|b nc
|2 rdacarrier
|
| 362 |
0 |
|
|a v. 1- Feb. 21, 1874-
|
| 500 |
|
|
|a Official organ of the Illinois state sportsmen's association, Mar. 21-May 2, 1874; the Illinois and Tennessee state sportsmen's associations, May 16, 1874-
|
| 500 |
|
|
|a Editor; 18- -Mar. 1896, N. Rowe.
|
| 650 |
|
0 |
|a Hunting
|v Periodicals.
|
| 650 |
|
0 |
|a Fishing
|v Periodicals.
|
| 700 |
1 |
|
|a Rowe, Nicholas,
|d 1842-1896.
|
| 710 |
2 |
|
|a Field and Stream Association.
|
| 710 |
2 |
|
|a Illinois State Sportsmen's Association.
|
| 710 |
2 |
|
|a Tennessee state sportsmen's association.
|
| 999 |
|
|
|a MARS
|
| 999 |
f |
f |
|s 8ce200a3-3dd4-30d1-bc9f-72de1a2e8404
|i 7f2e4840-56b7-3cb9-a4ac-05cb782aac44
|t 0
|
| 952 |
f |
f |
|p ric
|a Texas A&M University
|b Rellis Campus
|c Joint Library Facility
|d Remote Storage
|t 0
|e SK1 .A5
|h Library of Congress classification
|i unmediated -- volume
|k v.148:no.27-52
|l 1947
|m A14842599053
|
| 952 |
f |
f |
|p ric
|a Texas A&M University
|b Rellis Campus
|c Joint Library Facility
|d Remote Storage
|t 0
|e SK1 .A5
|h Library of Congress classification
|i unmediated -- volume
|k v.150:no.27-52
|l 1948
|m A14842599178
|
| 952 |
f |
f |
|p ric
|a Texas A&M University
|b Rellis Campus
|c Joint Library Facility
|d Remote Storage
|t 0
|e SK1 .A5
|h Library of Congress classification
|i unmediated -- volume
|k v.149
|l 1948
|m A14828438826
|
| 952 |
f |
f |
|p ric
|a Texas A&M University
|b Rellis Campus
|c Joint Library Facility
|d Remote Storage
|t 0
|e SK1 .A5
|h Library of Congress classification
|i unmediated -- volume
|k v.147
|l 1947
|m A14842598931
|
| 952 |
f |
f |
|p ric
|a Texas A&M University
|b Rellis Campus
|c Joint Library Facility
|d Remote Storage
|t 0
|e SK1 .A5
|h Library of Congress classification
|i unmediated -- volume
|k v.151:no.1-26
|l 1949
|m A14842598683
|
| 952 |
f |
f |
|p ric
|a Texas A&M University
|b Rellis Campus
|c Joint Library Facility
|d Remote Storage
|t 0
|e SK1 .A5
|h Library of Congress classification
|i unmediated -- volume
|k v.152:no.27-53
|l 1949
|m A14842598808
|
| 998 |
f |
f |
|a SK1 .A5
|s v.147-152 (1947-1949)
|t 0
|l Remote Storage
|